Detalles MARC
| 000 -CABECERA |
| campo de control de longitud fija |
02818nam a22003257a 4500 |
| 003 - IDENTIFICADOR DEL NÚMERO DE CONTROL |
| campo de control |
DO-SdBNP |
| 005 - FECHA Y HORA DE LA ÚLTIMA TRANSACCIÓN |
| campo de control |
20211129133213.0 |
| 007 - CAMPO FIJO DE DESCRIPCIÓN FÍSICA--INFORMACIÓN GENERAL |
| campo de control de longitud fija |
ta |
| 008 - DATOS DE LONGITUD FIJA--INFORMACIÓN GENERAL |
| campo de control de longitud fija |
211126b2019 a|||e |||| 001 0 spa d |
| 040 ## - FUENTE DE LA CATALOGACIÓN |
| Centro catalogador/agencia de origen |
DO-SdBNP |
| Lengua de catalogación |
spa |
| Centro/agencia transcriptor |
BNPHU |
| 082 4# - NÚMERO DE LA CLASIFICACIÓN DECIMAL DEWEY |
| Número de edición |
22 |
| Número de clasificación |
343.0946 |
| Número de documento/Ítem |
I597m |
| 110 1# - ENTRADA PRINCIPAL--NOMBRE DE ENTIDAD CORPORATIVA |
| Nombre de entidad corporativa o nombre de jurisdicción como elemento de entrada |
Instituto Universitario de Tráfico y Seguridad Vial de la Universidad de Valencia (INTRAS) |
| 9 (RLIN) |
80751 |
| 245 10 - MENCIÓN DE TÍTULO |
| Título |
Manual de conducción y seguridad vial : |
| Resto del título |
licencia categoría 02. conocimientos específicos para la conducción de vehículos livianos de motor / |
| Mención de responsabilidad, etc. |
(INTRAS) |
| 260 ## - PUBLICACIÓN, DISTRIBUCIÓN, ETC. |
| Lugar de publicación, distribución, etc. |
Santo Domingo] : |
| Nombre del editor, distribuidor, etc. |
INTRANT, |
| Fecha de publicación, distribución, etc. |
2019. |
| 300 ## - DESCRIPCIÓN FÍSICA |
| Extensión |
71 p. : |
| Otras características físicas |
il. ; |
| Dimensiones |
21 cm. |
| 505 ## - NOTA DE CONTENIDO CON FORMATO |
| Nota de contenido con formato |
Parte 1. Requisitos para la conducción de vehículos livianos. |
| Título |
.1 Requisitos previos -- |
| -- |
1.2. Vehículos que autoriza a conducir las categorías 02 -- |
| -- |
1.3. La licencia de conducir de categoría 02 -- |
| -- |
1.3.1. La obtención de una licencia de categoría 02 -- |
| -- |
1.3.2. Vigencia -- |
| 505 ## - NOTA DE CONTENIDO CON FORMATO |
| Nota de contenido con formato |
Parte 2. El vehículo liviano. |
| Título |
2.1.1. El motro -- |
| -- |
2.1.2. El sistema de alimentación -- |
| -- |
2.1.3. El sistema de escape -- |
| -- |
2.1.4. El sistema de lubricación -- |
| -- |
2.1.5. El sistema de refrigeración -- |
| -- |
2.1.6. El equipo eléctrico -- |
| -- |
2.1.7. La batería -- |
| -- |
2.1.8. El sistema de carga -- |
| -- |
2.1.9. El sistema de arranque -- |
| -- |
2.1.10. El sistema de encendido -- |
| -- |
2.1.11. El sistema de iluminacióm -- |
| -- |
2.1.12. El sistema de transmisión -- |
| -- |
2.1.13. El sistema de dirección -- |
| -- |
2.1.14. El sistema de suspensión -- |
| -- |
2.1.15. El sistema de frenado -- |
| -- |
2.1.16. Ruedas y gomas -- |
| -- |
2.2. Elementos de seguridad del vehículo -- |
| -- |
2.2.1. La seguridad activa -- |
| -- |
2.2.2. Seguridad pasiva -- |
| -- |
2.2.3. El puesto de conducción -- |
| 505 ## - NOTA DE CONTENIDO CON FORMATO |
| Nota de contenido con formato |
Parte 3. Técnicas de conducción. |
| Título |
3.1 .1 Manejo de Vehículo -- |
| -- |
3.1.2. Las curvas -- |
| -- |
3.1.6. Deslizamientos -- |
| -- |
3.1.3. El factor ambiental y climático -- |
| -- |
3.2.1 ¿Qué es maniobra? -- |
| -- |
3.2.2. Incorporación a la circulación -- |
| -- |
3.2.3. Desplazamientos laterales -- |
| -- |
3.2.4 Rebasamiento -- |
| -- |
3.2.5. Cambio de dirección -- |
| -- |
3.2.6. Cambio de sentido -- |
| -- |
3.2.7. Marcha atrás -- |
| -- |
3.2.8. Paradas y estacionamiento -- |
| -- |
3.3. Técnicas avanzadas de manejo -- |
| -- |
3.3.1. El manejo preventido -- |
| -- |
3.3.2. La conducción eficiente -- |
| 505 ## - NOTA DE CONTENIDO CON FORMATO |
| Nota de contenido con formato |
Parte 4. Reglas de conducción y normas especializas. |
| Título |
4.1. El consumo de alcohol -- |
| -- |
4.2. Límites de velocidad -- |
| 590 ## - NOTA LOCAL (RLIN) |
| Nota local |
Inventariado. 2021 / SA |
| 650 40 - PUNTO DE ACCESO ADICIONAL DE MATERIA--TÉRMINO DE MATERIA |
| 9 (RLIN) |
77293 |
| Término de materia o nombre geográfico como elemento de entrada |
Conducción de automóviles |
| Subdivisión de forma |
Manuales |
| 650 40 - PUNTO DE ACCESO ADICIONAL DE MATERIA--TÉRMINO DE MATERIA |
| Término de materia o nombre geográfico como elemento de entrada |
Conducción |
| Subdivisión general |
Vehículos livianos |
| 9 (RLIN) |
80758 |
| 650 40 - PUNTO DE ACCESO ADICIONAL DE MATERIA--TÉRMINO DE MATERIA |
| Término de materia o nombre geográfico como elemento de entrada |
Señales de tránsito |
| Subdivisión de forma |
Manuales |
| 9 (RLIN) |
77294 |
| 650 40 - PUNTO DE ACCESO ADICIONAL DE MATERIA--TÉRMINO DE MATERIA |
| 9 (RLIN) |
80740 |
| Término de materia o nombre geográfico como elemento de entrada |
Seguridad vial |
| Subdivisión general |
Enseñanza |
| 650 40 - PUNTO DE ACCESO ADICIONAL DE MATERIA--TÉRMINO DE MATERIA |
| 9 (RLIN) |
77295 |
| Término de materia o nombre geográfico como elemento de entrada |
Reglamentos de tránsito |
| Subdivisión geográfica |
República Dominicana |
| 700 1# - PUNTO DE ACCESO ADICIONAL--NOMBRE DE PERSONA |
| Nombre de persona |
Daroqui, Silvia |
| Término indicativo de función/relación |
Coolaboradora |
| 9 (RLIN) |
80752 |
| 700 1# - PUNTO DE ACCESO ADICIONAL--NOMBRE DE PERSONA |
| Nombre de persona |
Apuzzo, Silvia |
| Término indicativo de función/relación |
Colaboradora |
| 9 (RLIN) |
80753 |
| 910 ## - DATOS DE OPCIÓN DEL USUARIO (OCLC) |
| Datos de opción del usuario |
Saquino |
| 942 ## - ELEMENTOS DE PUNTO DE ACCESO ADICIONAL (KOHA) |
| Fuente del sistema de clasificación o colocación |
Dewey Decimal Classification |
| Tipo de ítem Koha |
Libro |